[Event "Women's Speed Chess Q7"]
[Site "chess.com INT"]
[Date "2021.06.06"]
[Round "14"]
[White "Dordzhieva, Dinara"]
[Black "Fernandez, Maria Florencia"]
[Result "0-1"]
[WhiteTitle "WGM"]
[BlackTitle "WIM"]
[WhiteElo "2311"]
[BlackElo "2229"]
[WhiteFideId "24157570"]
[BlackFideId "116459"]
[EventDate "2021.06.06"]

1. Nf3 Nf6 2. c4 g6 3. d4 Bg7 4. g3 O-O 5. Bg2 d6 6. Nc3 Nc6 7. O-O Bf5 8. Nh4
Bd7 9. Qd3 e5 10. d5 Ne7 11. e4 Ne8 12. Bg5 f6 13. Bd2 f5 14. f4 Nf6 15. fxe5
dxe5 16. Rae1 Nh5 17. Bg5 Bf6 18. Bxf6 Nxf6 19. exf5 Nxf5 20. Rxe5 Nxh4 21. gxh4
Ng4 22. Rg5 Rxf1+ 23. Bxf1 Qf6 24. Qg3 Rf8 25. Bg2 Qd4+ 26. Kh1 Nf2+ 27. Kg1
Nh3+ 28. Kh1 Qg1# 0-1

[Event "Women's Speed Chess Q7"]
[Site "chess.com INT"]
[Date "2021.06.06"]
[Round "14"]
[White "Eswaran, Ashritha"]
[Black "Kashlinskaya, Alina"]
[Result "0-1"]
[WhiteTitle "WIM"]
[BlackTitle "IM"]
[WhiteElo "2244"]
[BlackElo "2494"]
[WhiteFideId "2080788"]
[BlackFideId "4198026"]
[EventDate "2021.06.06"]

1. e4 e6 2. d4 d5 3. Nc3 Nf6 4. Bg5 dxe4 5. Nxe4 Be7 6. Bxf6 gxf6 7. Nf3 f5 8.
Nc3 a6 9. g3 b5 10. Bg2 Bb7 11. Qd2 c5 12. dxc5 Qxd2+ 13. Kxd2 Bxc5 14. Rhf1 Nd7
15. Rad1 Nf6 16. Nh4 O-O-O+ 17. Kc1 Rxd1+ 18. Nxd1 Rd8 19. Bxb7+ Kxb7 20. f4 Ng4
21. Nf3 Nf6 22. Nc3 b4 23. Ne2 Ne4 24. b3 Nc3 25. Nxc3 bxc3 26. Ne5 f6 27. Nd3
Ba3+ 28. Kd1 h5 29. Ke2 h4 30. Rg1 hxg3 31. Rxg3 Rh8 32. h3 Bd6 33. Kf3 Rh4 34.
b4 e5 35. fxe5 fxe5 36. Rg7+ Kc6 37. Kg2 e4 38. Nf2 e3 39. Nd3 Rd4 40. Rg6 Rxd3
41. cxd3 c2 0-1

[Event "Women's Speed Chess Q7"]
[Site "chess.com INT"]
[Date "2021.06.06"]
[Round "14"]
[White "Obregon Garcia, Roxangel"]
[Black "Komiagina, Maria"]
[Result "1-0"]
[WhiteTitle "WIM"]
[BlackTitle "WIM"]
[WhiteElo "2167"]
[BlackElo "2241"]
[WhiteFideId "3520420"]
[BlackFideId "4153987"]
[EventDate "2021.06.06"]

1. e4 g6 2. d4 Bg7 3. Be3 d6 4. Nc3 c6 5. a4 a5 6. h3 Nf6 7. g4 h6 8. Bg2 Nbd7
9. Nge2 e5 10. O-O O-O 11. Qd2 Kh7 12. Rad1 Qc7 13. f4 Re8 14. Ng3 c5 15. dxe5
dxe5 16. Nb5 Qc6 17. Nd6 Re7 18. g5 Ng8 19. f5 hxg5 20. Bxg5 f6 21. fxg6+ Kxg6
22. Ngf5 fxg5 23. Nxe7+ Nxe7 24. h4 c4 25. Qxg5+ Kh7 26. Qxe7 Qc5+ 27. Kh1 Ra6
28. Rf7 1-0

[Event "Women's Speed Chess Q7"]
[Site "chess.com INT"]
[Date "2021.06.06"]
[Round "14"]
[White "Morris-Suzuki, Sophie"]
[Black "Tania, Sachdev"]
[Result "1-0"]
[WhiteTitle "WFM"]
[BlackTitle "IM"]
[WhiteElo "2043"]
[BlackElo "2392"]
[WhiteFideId "30922615"]
[BlackFideId "5007844"]
[EventDate "2021.06.06"]

1. e4 c5 2. Nc3 Nc6 3. Bb5 Nd4 4. Bc4 e6 5. Nf3 d6 6. Nxd4 cxd4 7. Ne2 e5 8. O-O
Nf6 9. d3 Be7 10. f4 O-O 11. f5 Bd7 12. Qe1 b5 13. Bb3 Bc6 14. Bg5 d5 15. Ng3 a5
16. a3 a4 17. Ba2 b4 18. axb4 Qb6 19. exd5 Nxd5 20. Bxe7 Nxe7 21. f6 Ng6 22.
fxg7 Kxg7 23. Nh5+ Kg8 24. Qf2 Be8 25. Nf6+ Kg7 26. Qd2 Nf4 27. Ng4 f6 28. Rxf4
exf4 29. Qxf4 Bg6 30. Rf1 h5 31. Qh6# 1-0

[Event "Women's Speed Chess Q7"]
[Site "chess.com INT"]
[Date "2021.06.06"]
[Round "14"]
[White "Ortez, Andrea"]
[Black "Zhuravleva, Olga"]
[Result "0-1"]
[WhiteTitle "WIM"]
[BlackTitle "WIM"]
[WhiteElo "1969"]
[BlackElo "2278"]
[WhiteFideId "6702392"]
[BlackFideId "4145933"]
[EventDate "2021.06.06"]

1. e4 e5 2. Nf3 Nc6 3. Bb5 f5 4. d3 Nf6 5. Nc3 Bc5 6. O-O O-O 7. Be3 Nd4 8. Bc4+
Kh8 9. Nxe5 Qe7 10. Nf3 Nxf3+ 11. Qxf3 fxe4 12. dxe4 Bb4 13. Bg5 Bxc3 14. bxc3
Qxe4 15. Qxe4 Nxe4 16. Be3 Nxc3 17. Bd3 Nd5 18. Bd4 d6 19. Rae1 Bf5 20. Bxf5
Rxf5 21. f3 Kg8 22. Re2 Rf7 23. Rfe1 Raf8 24. Rb1 b6 25. c4 Nf4 26. Rd2 Re7 27.
Bf2 Rfe8 28. g3 Ne2+ 29. Kg2 Nc3 0-1

[Event "Women's Speed Chess Q7"]
[Site "chess.com INT"]
[Date "2021.06.06"]
[Round "14"]
[White "Corrales Jimenez, Zenia"]
[Black "Head, Louise"]
[Result "0-1"]
[WhiteTitle "WIM"]
[BlackTitle "WFM"]
[WhiteElo "2189"]
[BlackElo "2090"]
[WhiteFideId "3506355"]
[BlackFideId "424773"]
[EventDate "2021.06.06"]

1. e4 c6 2. d4 d5 3. exd5 cxd5 4. Nf3 Nc6 5. Bd3 g6 6. O-O Bf5 7. Bxf5 gxf5 8.
Bf4 e6 9. Nc3 Bd6 10. Bxd6 Qxd6 11. Re1 a6 12. a3 Nge7 13. Ne5 Nxe5 14. dxe5 Qb6
15. Qh5 Qxb2 16. Na4 Qxc2 17. Nb6 Rd8 18. Rac1 Qb2 19. Na4 Qxa3 20. Nc5 b6 21.
Nxe6 Rc8 22. Ng5 Rxc1 23. Qxf7+ Kd7 24. Qe6+ Ke8 25. Qf7+ Kd8 26. Ne6+ Kd7 27.
Rf1 Rxf1+ 28. Kxf1 Qa1+ 29. Ke2 Qxe5+ 30. Kf3 Qxe6 0-1

[Event "Women's Speed Chess Q7"]
[Site "chess.com INT"]
[Date "2021.06.06"]
[Round "14"]
[White "Ziegenfuss, Antonia"]
[Black "Zaksaite, Salomeja"]
[Result "1-0"]
[WhiteTitle "WFM"]
[BlackTitle "WIM"]
[WhiteElo "2157"]
[BlackElo "2202"]
[WhiteFideId "12962554"]
[BlackFideId "12801496"]
[EventDate "2021.06.06"]

1. d4 Nf6 2. c4 g6 3. Nc3 Bg7 4. e4 d6 5. Be2 O-O 6. Be3 Nbd7 7. g4 e5 8. d5 Nc5
9. f3 a5 10. h4 c6 11. h5 cxd5 12. cxd5 b5 13. Nxb5 Qb6 14. Rc1 Ba6 15. Nxd6
Nd3+ 16. Qxd3 Qxd6 17. Qd2 Bxe2 18. Nxe2 Rfc8 19. hxg6 hxg6 20. Kf2 Qd7 21. Bh6
Ne8 22. Bxg7 Nxg7 23. Qh6 f6 24. Qxg6 Qf7 25. Qh7+ Kf8 26. Rxc8+ Rxc8 27. Qh8+
Ke7 28. Qxc8 1-0

[Event "Women's Speed Chess Q7"]
[Site "chess.com INT"]
[Date "2021.06.06"]
[Round "14"]
[White "Zaichenko, Daria"]
[Black "Kanyamarala, Trisha"]
[Result "0-1"]
[WhiteTitle "WFM"]
[BlackTitle "WIM"]
[WhiteElo "2104"]
[BlackElo "2180"]
[WhiteFideId "4197453"]
[BlackFideId "45004722"]
[EventDate "2021.06.06"]

1. e4 c5 2. Nf3 d6 3. d4 cxd4 4. Nxd4 Nf6 5. Nc3 Nc6 6. Bc4 e6 7. O-O Be7 8. f4
a6 9. a4 Qc7 10. Kh1 O-O 11. f5 Nxd4 12. Qxd4 Bd7 13. Be3 Rac8 14. Bb3 Ng4 15.
Bg1 Bf6 16. Qd1 Ne5 17. fxe6 fxe6 18. Qh5 Nc4 19. Bxc4 Qxc4 20. Rad1 Rc6 21. e5
Bxe5 22. Rxf8+ Kxf8 23. Qxh7 Bf6 24. Ne4 Be5 25. Rf1+ Qxf1 26. h3 Bf6 27. Nxf6
Qxf6 28. Qh8+ Ke7 29. Qb8 Rxc2 30. Qxb7 Rc1 31. Qb6 Rf1 32. Qxa6 Qf2 0-1

[Event "Women's Speed Chess Q7"]
[Site "chess.com INT"]
[Date "2021.06.06"]
[Round "14"]
[White "Grigoryan, Meri"]
[Black "Arpita, Mukherjee"]
[Result "0-1"]
[WhiteTitle "WFM"]
[BlackTitle "WIM"]
[WhiteElo "2044"]
[BlackElo "2206"]
[WhiteFideId "13300571"]
[BlackFideId "5056403"]
[EventDate "2021.06.06"]

1. d4 Nf6 2. c4 g6 3. Nc3 Bg7 4. e4 d6 5. Be2 O-O 6. h3 e5 7. d5 a5 8. Be3 Na6
9. g4 Nc5 10. Bf3 Nfd7 11. g5 f5 12. gxf6 Nxf6 13. Qd2 a4 14. Bxc5 dxc5 15. h4
h5 16. Nh3 Bg4 17. Bxg4 Nxg4 18. Nd1 Qf6 19. Ng5 Bh6 20. Rf1 Bxg5 21. hxg5 Qf3
22. Ne3 Qxe4 23. O-O-O a3 24. b3 Nh2 25. Rh1 Nf3 26. Qd3 Qxd3 27. Rxd3 e4 28.
Rd2 Nxd2 29. Kxd2 Rxf2+ 30. Kc3 Rxa2 31. d6 cxd6 32. Nd5 Rg2 33. Ne7+ Kg7 34.
Rf1 a2 35. Nd5 a1=Q+ 0-1

[Event "Women's Speed Chess Q7"]
[Site "chess.com INT"]
[Date "2021.06.06"]
[Round "14"]
[White "Petrova, Irina"]
[Black "Gevorgyan, Maria"]
[Result "0-1"]
[WhiteTitle "WIM"]
[BlackTitle "WGM"]
[WhiteElo "2110"]
[BlackElo "2219"]
[WhiteFideId "14124122"]
[BlackFideId "13300270"]
[EventDate "2021.06.06"]

1. e4 c5 2. Nf3 Nc6 3. Bb5 g6 4. Bxc6 dxc6 5. d3 Bg7 6. Nc3 Nf6 7. Be3 Nd7 8.
Qd2 h6 9. h3 e5 10. O-O b6 11. Nh2 Nf8 12. f4 exf4 13. Bxf4 Ne6 14. Be3 Nd4 15.
Nd1 Be6 16. c3 Nb5 17. a4 Nc7 18. Nf2 g5 19. a5 O-O 20. axb6 axb6 21. Rxa8 Qxa8
22. Nfg4 Qd8 23. e5 Nd5 24. c4 Nxe3 25. Qxe3 Qd4 26. Qxd4 cxd4 27. Nf6+ Kh8 28.
Nhg4 Ra8 29. Nf2 Ra2 30. Rb1 Bf5 31. N2e4 Ra5 32. g4 Bg6 33. Nd7 Bxe5 34. Nxe5
Rxe5 35. Nf2 Re3 36. Kf1 Bxd3+ 37. Nxd3 Rxd3 38. Kg2 Rd2+ 39. Kg3 Rc2 40. b3
Rc3+ 41. Kg2 Kg7 42. Rd1 c5 43. b4 Rxc4 44. bxc5 bxc5 45. Kg3 Rc2 46. h4 Kf6 47.
hxg5+ hxg5 48. Rf1+ Kg6 49. Ra1 c4 50. Ra6+ f6 51. Rd6 d3 52. Rd4 Kf7 0-1

[Event "Women's Speed Chess Q7"]
[Site "chess.com INT"]
[Date "2021.06.06"]
[Round "14"]
[White "Nurmanova, Alua"]
[Black "Nguyen, Hong Ngoc"]
[Result "1-0"]
[WhiteTitle "WFM"]
[BlackTitle "WCM"]
[WhiteElo "2093"]
[BlackElo "1957"]
[WhiteFideId "13729390"]
[BlackFideId "12403083"]
[EventDate "2021.06.06"]

1. e4 c5 2. Nf3 d6 3. d4 cxd4 4. Nxd4 Nf6 5. Nc3 a6 6. Bg5 e6 7. f4 Be7 8. Qf3
Nc6 9. O-O-O Qb6 10. Nb3 Na5 11. Nxa5 Qxa5 12. Bc4 Bd7 13. Rhe1 Bc6 14. Qg3
O-O-O 15. e5 dxe5 16. fxe5 Nd5 17. Bxe7 Nxe7 18. Qxg7 b5 19. Bb3 Rhf8 20. Rxd8+
Qxd8 21. Rd1 Qe8 22. a3 a5 23. Qxh7 b4 24. Ne4 bxa3 25. Nd6+ Kc7 26. Nxe8+ Rxe8
27. Qxf7 axb2+ 28. Kb1 a4 29. Bxe6 a3 30. Ba2 Kb6 31. Bb3 Bb5 32. Rd6+ Ka5 33.
c4 Kb4 34. cxb5 Rc8 35. Rd4+ Ka5 36. Rc4 Rd8 37. Qxe7 a2+ 38. Kxa2 b1=Q+ 39.
Kxb1 Rd6 40. Qa7+ Kxb5 41. Ba4+ Kxc4 42. exd6 Kb4 43. d7 Ka3 44. Bb3+ Kb4 45.
d8=Q Kc3 46. Qdd4+ Kxb3 47. Qaa4# 1-0

[Event "Women's Speed Chess Q7"]
[Site "chess.com INT"]
[Date "2021.06.06"]
[Round "14"]
[White "Cori T., Deysi"]
[Black "Cyfka, Karina"]
[Result "0-1"]
[WhiteTitle "WGM"]
[BlackTitle "IM"]
[WhiteElo "2388"]
[BlackElo "2417"]
[WhiteFideId "3801934"]
[BlackFideId "1122681"]
[EventDate "2021.06.06"]

1. d4 d6 2. Nf3 Nf6 3. g3 Nbd7 4. Bg2 e5 5. O-O Be7 6. b3 O-O 7. Bb2 c6 8. dxe5
dxe5 9. Nbd2 Qc7 10. a4 h6 11. Nc4 e4 12. Nd4 Nc5 13. Qc1 Bg4 14. h3 Bh5 15. Re1
Rfe8 16. Nf5 Bf8 17. Nxh6+ gxh6 18. Bxf6 Bg6 19. Qe3 Ne6 20. Rad1 b5 21. axb5
cxb5 22. Be5 Qc5 23. Bd6 Bxd6 24. Nxd6 Qxe3 25. fxe3 Reb8 26. Nxe4 a5 27. Nf6+
Kg7 28. Bxa8 Rxa8 29. Nd5 Bxc2 30. Rc1 Bxb3 31. Nf4 a4 32. Rc7 Nxc7 33. Nd3 Ne6
34. Rb1 Bc2 35. Ra1 Bxd3 36. exd3 b4 37. Kf2 b3 38. Rg1 b2 39. g4 a3 40. g5 hxg5
41. h4 a2 42. hxg5 a1=Q 43. g6 Qxg1+ 44. Kxg1 b1=Q+ 45. Kf2 Ra2+ 46. Kf3 Qxd3
47. gxf7 Qf5+ 48. Kg3 Qxf7 49. Kg4 Qg6+ 50. Kh3 Rg2 51. Kh4 Qg4# 0-1

[Event "Women's Speed Chess Q7"]
[Site "chess.com INT"]
[Date "2021.06.06"]
[Round "14"]
[White "Golubenko, Valentina"]
[Black "Szente Varga, Fruzsina"]
[Result "1-0"]
[WhiteTitle "WGM"]
[BlackTitle "WFM"]
[WhiteElo "2209"]
[BlackElo "2100"]
[WhiteFideId "4501993"]
[BlackFideId "712264"]
[EventDate "2021.06.06"]

1. d4 Nf6 2. g3 d5 3. Bg2 c6 4. c4 g6 5. Nc3 Bg7 6. cxd5 cxd5 7. Nf3 O-O 8. O-O
Nc6 9. Bf4 Ne4 10. Nb5 Bg4 11. Qb3 Bxf3 12. Bxf3 Nxd4 13. Nxd4 Bxd4 14. Rfd1 e5
15. Bh6 Bxf2+ 16. Kg2 Qb6 17. Bxe4 dxe4 18. Bxf8 Rxf8 19. Qxb6 Bxb6 20. Rd7 Rb8
21. b3 Bd4 22. Rf1 b5 23. Rfxf7 Rc8 24. Rg7+ Kf8 25. Rdf7+ Ke8 26. Rb7 Kf8 27.
Rxh7 Kg8 28. Rbg7+ Kf8 29. Rf7+ Kg8 30. Rhg7+ Kh8 31. Rc7 Rd8 32. Rxg6 Bb6 33.
Rf7 Rd2 34. Rh6+ Kg8 35. Rhh7 Rxe2+ 36. Kh3 Bg1 37. Rfg7+ Kf8 38. Rxa7 Rxh2+ 39.
Kg4 Rxh7 40. Rxh7 e3 41. Kf3 Bf2 42. Rh5 e4+ 43. Ke2 Ke7 44. g4 b4 45. Re5+ Kd6
46. Rxe4 Kd5 47. Rxb4 1-0

[Event "Women's Speed Chess Q7"]
[Site "chess.com INT"]
[Date "2021.06.06"]
[Round "14"]
[White "Dauletova, Gulmira"]
[Black "Dong, Khanh Linh"]
[Result "1-0"]
[WhiteTitle "WGM"]
[BlackTitle "WCM"]
[WhiteElo "2257"]
[BlackElo "1970"]
[WhiteFideId "13702971"]
[BlackFideId "12403040"]
[EventDate "2021.06.06"]

1. e4 c5 2. Nf3 d6 3. d4 cxd4 4. Qxd4 Nf6 5. Be2 Nc6 6. Qe3 Bd7 7. O-O g6 8. h3
Bg7 9. c4 O-O 10. Nc3 a6 11. Rb1 Rc8 12. b3 Re8 13. Bb2 h5 14. Rfd1 Qc7 15. Nd5
Nxd5 16. exd5 Ne5 17. Nd4 f6 18. f4 Nf7 19. Bd3 f5 20. Ne6 Bxe6 21. Qxe6 Bxb2
22. Rxb2 Kg7 23. Re2 Qc5+ 24. Kh2 Rcd8 25. Rde1 Nh6 26. Re3 Qc8 27. Rg3 Qxe6 28.
Rxe6 Nf7 29. Rgxg6+ Kf8 30. Bxf5 Rb8 31. Bd3 Rec8 32. Re2 b5 33. Rge6 1-0

[Event "Women's Speed Chess Q7"]
[Site "chess.com INT"]
[Date "2021.06.06"]
[Round "14"]
[White "Mkrtchian, Lilit"]
[Black "Shuvalova, Polina"]
[Result "0-1"]
[WhiteTitle "IM"]
[BlackTitle "IM"]
[WhiteElo "2388"]
[BlackElo "2489"]
[WhiteFideId "13300601"]
[BlackFideId "24171760"]
[EventDate "2021.06.06"]

1. e4 c6 2. d4 d5 3. e5 Bf5 4. Nd2 e6 5. Nb3 Nd7 6. Nf3 Ne7 7. Be2 Ng6 8. O-O f6
9. exf6 Qxf6 10. Bg5 Qf7 11. Nh4 Nxh4 12. Bxh4 Bd6 13. Bd3 O-O 14. Bg3 Bxg3 15.
hxg3 Rae8 16. f4 Nf6 17. c3 Qg6 18. Rf3 Be4 19. Re3 Bxd3 20. Qxd3 Ne4 21. Nd2
Nxd2 22. Qxd2 Rf5 23. Rae1 Rf6 24. Qe2 h6 25. Re5 Re7 26. Qe3 Kh8 27. Kf2 Qf7
28. Kg1 Kg8 29. Kh2 Rf5 30. Rf1 Qh5+ 31. Kg1 Qg6 32. Re1 Rxe5 33. Qxe5 Qxg3 34.
Re3 Qg6 35. f5 Qg5 36. Qb8+ Kh7 37. Rxe6 Qc1+ 38. Kh2 Rf7 39. Re5 Qg5 0-1

[Event "Women's Speed Chess Q7"]
[Site "chess.com INT"]
[Date "2021.06.06"]
[Round "14"]
[White "Zhou, Qiyu"]
[Black "Antolak, Julia"]
[Result "0-1"]
[WhiteTitle "FM"]
[BlackTitle "WIM"]
[WhiteElo "2229"]
[BlackElo "2309"]
[WhiteFideId "505161"]
[BlackFideId "1159569"]
[EventDate "2021.06.06"]

1. e4 c5 2. Nf3 e6 3. d4 cxd4 4. Nxd4 Nf6 5. Nc3 d6 6. Be3 a6 7. f4 b5 8. Bd3
Bb7 9. a3 Nc6 10. O-O Be7 11. Kh1 O-O 12. Qf3 Qc7 13. Rae1 Nxd4 14. Bxd4 e5 15.
Be3 exf4 16. Bxf4 Nd7 17. Qg3 Ne5 18. Nd5 Bxd5 19. exd5 g6 20. Rxe5 dxe5 21.
Bxe5 Qd7 22. d6 Bd8 23. Be4 f6 24. Bd5+ Kg7 25. Bxa8 fxe5 26. Qxe5+ Bf6 27. Qd5
Rd8 28. Rd1 Bxb2 29. Bc6 Qf7 30. a4 bxa4 31. Bxa4 Qf6 32. h3 Be5 33. Qf3 Qxf3
34. gxf3 Rxd6 35. Rxd6 Bxd6 36. c4 Kf6 37. Kg2 Ke5 38. Bc6 Kd4 39. Bd5 a5 40.
Bg8 h6 41. Kf2 a4 42. Ke2 Kc3 43. Kd1 Kb2 44. Kd2 Bc5 45. Bf7 a3 46. Bxg6 a2 0-1

[Event "Women's Speed Chess Q7"]
[Site "chess.com INT"]
[Date "2021.06.06"]
[Round "14"]
[White "Batsiashvili, Nino"]
[Black "Tokhirjonova, Gulrukhbegim"]
[Result "0-1"]
[WhiteTitle "GM"]
[BlackTitle "WGM"]
[WhiteElo "2491"]
[BlackElo "2344"]
[WhiteFideId "13602993"]
[BlackFideId "14203626"]
[EventDate "2021.06.06"]

1. d4 Nf6 2. Nf3 e6 3. g3 d5 4. Bg2 Be7 5. O-O O-O 6. c4 dxc4 7. Nc3 a6 8. Ne5
c5 9. dxc5 Bxc5 10. Nxc4 Nc6 11. a3 Qe7 12. b4 Bd4 13. Bb2 Rd8 14. Qb3 e5 15. e3
Ba7 16. Ne4 Be6 17. Nxf6+ Qxf6 18. Qc3 Rac8 19. Nxe5 Nd4 20. exd4 Rxc3 21. Bxc3
Bxd4 22. Bxd4 Rxd4 23. Nf3 Rd3 24. Rad1 Rxa3 25. Nd4 Bc4 26. Rfe1 g6 27. Bxb7
Ra2 28. Nf3 Be2 29. Rd2 Rxd2 30. Nxd2 Bb5 31. Nf1 Qc3 32. Rd1 Qxb4 33. Ne3 a5
34. Bd5 Kg7 35. Ba2 a4 36. Rc1 Qb2 37. Rc2 Qd4 38. Rc7 Be8 39. h4 Qa1+ 40. Kh2
Qxa2 41. Rc2 Qe6 42. Nc4 Bc6 43. Nd6 Qd5 44. Nf5+ gxf5 45. Rxc6 Qxc6 0-1

[Event "Women's Speed Chess Q7"]
[Site "chess.com INT"]
[Date "2021.06.06"]
[Round "14"]
[White "Torres Hernandez, Leslie Carolin"]
[Black "Selkirk, Rebecca"]
[Result "0-1"]
[WhiteTitle "WFM"]
[BlackTitle "WCM"]
[WhiteElo "1884"]
[BlackElo "1799"]
[WhiteFideId "8400504"]
[BlackFideId "14306514"]
[EventDate "2021.06.06"]

1. e4 c6 2. d4 d5 3. e5 c5 4. dxc5 Nc6 5. a3 Nxe5 6. b4 a6 7. Bb2 Nc6 8. Nf3 Nf6
9. Bd3 Bg4 10. h3 Bh5 11. O-O e6 12. Re1 Be7 13. Nbd2 O-O 14. c4 Rc8 15. cxd5
Nxd5 16. Nc4 Ndxb4 17. axb4 Nxb4 18. Bxh7+ Kxh7 19. Ng5+ Bxg5 20. Qxh5+ Bh6 21.
Rad1 Qg5 22. Qf3 Rxc5 23. Nd6 Rc7 24. Rd4 Nc2 25. Qd3+ Qg6 26. Qxg6+ fxg6 27.
Rc1 Nxd4 28. Rxc7 Ne2+ 29. Kh2 Nf4 30. Bd4 Nd5 31. Rxb7 Bf4+ 32. g3 Bxd6 33. Kg2
a5 34. Rxg7+ Kh6 35. Rd7 Bb4 36. Bg7+ Kh5 37. Bxf8 a4 38. Bxb4 Nxb4 0-1

[Event "Women's Speed Chess Q7"]
[Site "chess.com INT"]
[Date "2021.06.06"]
[Round "14"]
[White "Babiy, Olga"]
[Black "Nikolova, Adriana"]
[Result "1-0"]
[WhiteTitle "WGM"]
[BlackTitle "WGM"]
[WhiteElo "2280"]
[BlackElo "2243"]
[WhiteFideId "14117258"]
[BlackFideId "2908689"]
[EventDate "2021.06.06"]

1. d4 d5 2. Bf4 Nf6 3. Nf3 c5 4. e3 Nc6 5. Nbd2 cxd4 6. exd4 Bg4 7. c3 e6 8. Qb3
Qb6 9. Bb5 Be7 10. Ne5 Rc8 11. Nxg4 Nxg4 12. Nf3 O-O 13. O-O Na5 14. Qa4 a6 15.
Bd3 Nc4 16. Bxc4 dxc4 17. Qc2 Qa5 18. Rfe1 b5 19. d5 b4 20. dxe6 fxe6 21. Bg3
bxc3 22. bxc3 Bf6 23. Rac1 Rfe8 24. h3 Nh6 25. Be5 Nf5 26. Bxf6 gxf6 27. Nd4 Qd5
28. Re4 Nxd4 29. Rxd4 Qg5 30. Rg4 Kh8 31. Rxg5 fxg5 32. Qe4 Rc7 33. Qe5+ Rg7 34.
Rd1 h6 35. Rd7 Rg8 36. Rxg7 Rxg7 37. Qxe6 Kh7 38. Qxc4 a5 39. Qb5 h5 40. Qxa5 g4
41. Qf5+ Kh6 42. hxg4 hxg4 43. c4 g3 44. fxg3 Ra7 45. c5 Rxa2 46. Qe6+ Kg5 47.
Qxa2 Kg4 48. Qe6+ Kxg3 49. Qg6+ Kf4 50. c6 Ke3 51. c7 Kd4 52. c8=Q Ke3 53. Qce6+
Kd2 54. Qd6+ Ke1 55. Qe4# 1-0

[Event "Women's Speed Chess Q7"]
[Site "chess.com INT"]
[Date "2021.06.06"]
[Round "14"]
[White "Padmini, Rout"]
[Black "Bodnaruk, Anastasia"]
[Result "0-1"]
[WhiteTitle "IM"]
[BlackTitle "IM"]
[WhiteElo "2370"]
[BlackElo "2446"]
[WhiteFideId "5029295"]
[BlackFideId "4181751"]
[EventDate "2021.06.06"]

1. e4 c5 2. Nf3 d6 3. d4 cxd4 4. Nxd4 Nf6 5. Nc3 a6 6. Be2 e5 7. Nb3 Be7 8. Qd3
O-O 9. Bd2 Be6 10. Nd5 Nbd7 11. c4 a5 12. a4 Bxd5 13. cxd5 b6 14. O-O Nc5 15.
Nxc5 dxc5 16. Bc3 Bd6 17. f4 Qe7 18. f5 Nd7 19. g4 f6 20. Qf3 g5 21. fxg6 hxg6
22. h4 c4 23. Bxc4 Nc5 24. Kg2 Kg7 25. h5 gxh5 26. gxh5 f5 27. exf5 Qg5+ 28. Kf2
Kf6 29. Rg1 Qh4+ 30. Ke2 Qxc4+ 31. Kd1 Qb3+ 32. Kd2 Rg8 33. Rg6+ Kf7 34. Rxd6
Qc4 35. Rg6 Ne4+ 36. Ke3 Nxc3 37. bxc3 Qxc3+ 38. Kf2 Qxa1 39. d6 Qb2+ 40. Ke1
Qb4+ 41. Kf1 e4 42. Qf4 Qc4+ 43. Ke1 Rac8 44. Qe5 Qc3+ 45. Qxc3 Rxc3 46. Rxg8
Kxg8 47. h6 Rd3 0-1

[Event "Women's Speed Chess Q7"]
[Site "chess.com INT"]
[Date "2021.06.06"]
[Round "14"]
[White "Chu, Ruotong"]
[Black "Vo, Thi Kim Phung"]
[Result "1-0"]
[WhiteTitle "WIM"]
[BlackTitle "WGM"]
[WhiteElo "2207"]
[BlackElo "2335"]
[WhiteFideId "8605653"]
[BlackFideId "12401838"]
[EventDate "2021.06.06"]

1. d4 Nf6 2. Nf3 e6 3. g3 b6 4. Bg2 Bb7 5. O-O Be7 6. c4 d6 7. Nc3 Nbd7 8. Qc2
e5 9. dxe5 dxe5 10. Rd1 Qc8 11. Nd5 Bd6 12. Bh3 Qb8 13. Bg5 h6 14. Bxf6 Nxf6 15.
Nxf6+ gxf6 16. Qf5 Qd8 17. b4 Qe7 18. a3 a5 19. c5 bxc5 20. bxc5 Bxc5 21. Rab1
Bc8 22. Qe4 Ra7 23. Bxc8 O-O 24. Bf5 Kh8 25. Qg4 Rg8 26. Qh4 Qf8 27. Rd7 Qg7 28.
Qh5 Rf8 29. Rbd1 Raa8 30. Nh4 Bxa3 31. Ng6+ Kg8 32. Nxf8 Rxf8 33. Rd8 Bb4 34.
Rxf8+ Kxf8 35. Rd8+ Ke7 36. Rd7+ Ke8 37. Rxc7 a4 38. Rc8+ Ke7 39. Qf3 Qg5 40.
Qb7+ Kd6 41. Qd7# 1-0

[Event "Women's Speed Chess Q7"]
[Site "chess.com INT"]
[Date "2021.06.06"]
[Round "14"]
[White "Fominykh, Maria"]
[Black "Kazarian, Anna-Maja"]
[Result "0-1"]
[WhiteTitle "WGM"]
[BlackTitle "FM"]
[WhiteElo "2206"]
[BlackElo "2096"]
[WhiteFideId "4142411"]
[BlackFideId "1033689"]
[EventDate "2021.06.06"]

1. d4 d5 2. c4 c6 3. Nc3 Nf6 4. Nf3 e6 5. e3 Bd6 6. b3 O-O 7. Bb2 Nbd7 8. Be2
Re8 9. O-O Nf8 10. Ne5 Bxe5 11. dxe5 N6d7 12. f4 Qb6 13. Qd4 c5 14. Qd2 dxc4 15.
Bxc4 a6 16. Ne4 Rd8 17. Rad1 Qc6 18. Ng5 h6 19. Nf3 b5 20. Be2 Bb7 21. Qc2 Nb6
22. f5 exf5 23. Qxf5 Qg6 24. Qh3 Nd5 25. Nh4 Qc6 26. Nf5 Qe6 27. e4 Ne7 28. Bg4
Nxf5 29. exf5 Qc6 30. f6 Rxd1 31. Rxd1 Ne6 32. Bf3 Qc7 33. Bxb7 Qxb7 34. Qg3 Qe4
35. fxg7 Qc2 36. Rf1 Qxb2 37. Qf3 Ng5 38. Qxa8+ Kxg7 39. Qc6 Qxe5 40. Qd7 Qe3+
41. Kh1 c4 42. bxc4 bxc4 43. Qc6 Qd3 44. Qc5 Qxf1+ 0-1

[Event "Women's Speed Chess Q7"]
[Site "chess.com INT"]
[Date "2021.06.06"]
[Round "14"]
[White "Pourkashiyan, Atousa"]
[Black "Kotepalli, Sai Nirupama"]
[Result "1/2-1/2"]
[WhiteTitle "WGM"]
[BlackTitle "WFM"]
[WhiteElo "2322"]
[BlackElo "1914"]
[WhiteFideId "12502014"]
[BlackFideId "5039444"]
[EventDate "2021.06.06"]

1. e4 c5 2. Nf3 e6 3. d4 cxd4 4. Nxd4 Nf6 5. Nc3 Nc6 6. Ndb5 Bb4 7. a3 Bxc3+ 8.
Nxc3 d5 9. exd5 exd5 10. Bd3 d4 11. Ne2 O-O 12. O-O Be6 13. Nf4 Re8 14. Nxe6
fxe6 15. Re1 e5 16. Bg5 h6 17. Bh4 Qd6 18. Qf3 Rf8 19. Qf5 Rae8 20. h3 Nd5 21.
Qh7+ Kf7 22. Bc4 Re6 23. Re4 Rg6 24. Bg3 Re8 25. Rg4 Rxg4 26. hxg4 Na5 27. Ba2
Rd8 28. Re1 Nc6 29. Qf5+ Qf6 30. Qxf6+ gxf6 31. f3 Kg7 32. Kf2 Ne3 33. Re2 Na5
34. Ke1 Rc8 35. c3 Nec4 36. Bxc4 Nxc4 37. cxd4 exd4 38. Re7+ Kg6 39. Rxb7 d3 40.
Bf4 Re8+ 41. Kd1 Re2 42. b3 Nb2+ 43. Kc1 Rc2+ 44. Kb1 Rxg2 45. Rd7 Nd1 46. Rxd3
Nf2 47. Rd7 Nh3 48. Bd6 Ng5 49. b4 Nxf3 50. Rxa7 Nd2+ 51. Kc1 Nb3+ 52. Kb1 Nd2+
53. Kc1 Nb3+ 54. Kb1 Nd2+ 1/2-1/2